Statistiques concernant Pays les plus touchés par le tsunami de 2004

Cliquez ici pour prendre le quiz!

Statistiques générales

  • Ce quiz a été pris 3 049 fois
  • Le résultat moyen est 5 sur 8

Statistiques - réponses

VictimesPays% Correct
167 540Indonesie
96%
16 269Inde
92%
8 212Thailande
90%
35 322Sri Lanka
81%
400–600Birmanie
73%
289Somalie
31%
539Allemagne
26%
543Suède
21%

Distribution des résultats

Percentile par nombre de réponses

% des personnes avec chaque résultat

Votre développement - résultats

Vous n’avez pas pris ce quiz